00516 2200205 4500001002100000005001500021008004100036020001800077035001900095041000700114082001000121090001600131100002000147700001600167245003800183260003500221300002800256500001100284650001500295INLIS00000000001262620241224114412241224||||||||| | ||| |||| || |  a979-489-643-8 0010-1224012626 aid0 a650.1 a650.1 BAY l0 aBayu Krisnmurti0 aLusi Fausia00aLangkah Sukses Memulai Agribisnis aJakartabPenebar Swadayac2009 aiv+108 hlm; ilus; 23 cm aCet. 5 0aAgribisnis